000 00552nam a2200229Ia 4500
003 OSt
005 20220928145531.0
006 a|||||r|||| 00| 0
007 ta
008 220927b |||||||| |||| 00| 0 eng d
024 _a81059
037 _cTextual
040 _aSDCL
_cSDCL
_beng
041 _2eng
_aeng
082 _aB7:3, N8
100 _aBeltrami Edward
_9513286
245 0 _aMathematics of dynamic modeling.
250 _a2
260 _c1998
942 _hB7:3, N8
_cTEXL
_2CC
999 _c833934
_d833934